State Profile - Arizona - Statistics

General Stats
  • This quiz has been taken 44 times
  • The average score is 5 of 10
Answer Stats
Name Arizona's... Answer % Correct
Capital Phoenix
100%
Largest City (Besides the capital) Tucson
86%
Year of Initiation into the US 1912
72%
Nickname The Grand Canyon State
61%
State Song (Hint: It's a state) "Arizona"
53%
State Flower Saguaro Cactus Blossom
39%
Tree Yellow Palo Verde
36%
Flag Colors (No "and" or commas required) Blue, Red, and Gold
33%
Animal Ringtail Cat
14%
Insect (Specific) Two-Tailed Swallowtail Butterfly
8%
No matching quizzes found
Score Distribution
Percent of People with Each Score
Percentile by Number Answered
Your Score History
You have not taken this quiz